This may be the last time I-II. [This may be the last time I-II.
Elmentve itt :
| Szerző: | |
|---|---|
| Adatforrás: | Meister |
| Forrásdokumentuma: | Látó. - 2002. 5 ; 6, 107-110 ; 153-154. |
| Nyelv: | magyar |
| Kulcsszavak: | próza proza scurta short story |
| LEADER | 00427nab a2200145 i 4500 | ||
|---|---|---|---|
| 001 | bibPRO00011621 | ||
| 008 | 080908s2002 xx hun | ||
| 040 | |a Sz1 | ||
| 041 | |a hun | ||
| 100 | 1 | |a HAJDÚ Farkas-Zoltán | |
| 245 | 1 | 0 | |a This may be the last time I-II. [This may be the last time I-II. |c HAJDÚ Farkas-Zoltán |
| 695 | |a próza | ||
| 695 | |a proza scurta | ||
| 695 | |a short story | ||
| 773 | 0 | |t Látó. - |g 2002. 5 ; 6, 107-110 ; 153-154. | |